000 00607nam a2200193Ia 4500
003 GCL
008 140319s9999 xx 000 0 ara d
040 _aGCL /
_cGCL
082 0 4 _a843.03
_bس ا
100 1 _aسيمود، كلود
245 1 0 _aالريح محاولة ترميم مذبح عتيق /
_cسيمود، كلود
700 1 _aزينب عبدالعزيز (مترجم)
300 _a178 ص
490 _aروايات الهلال
_v0
650 0 4 _aالادب الفرنسى
650 0 4 _aالقصص الفرنسية
650 0 4 _aالادب الفرنسى المترجم
942 _2ddc
_cBK
999 _c39465
_d39465